| 000 | 00617nmm a2200169Ia 4500 | ||
|---|---|---|---|
| 008 | 251105s9999||||xx |||||||||||||||||und|| | ||
| 020 | _a9788484898887 | ||
| 041 | _aspa | ||
| 100 | _aQuispe-Agnoli, Rocío | ||
| 245 | 0 |
_aNobles de papel : _b Identidades oscilantes y genealogías borrosas en los descendientes de la realeza Inca |
|
| 264 |
_a[Madrid, España] : _bIberoamericana Vervuert, _c2016 |
||
| 300 | _a266 páginas | ||
| 490 | _aTiempo emulado. Historia de América y España | ||
| 650 | _aHistory of the Americas: Latin America | ||
| 856 | _uhttps://public.digitaliapublishing.com/a/56892 | ||
| 942 | _cCF | ||
| 999 |
_c86863 _d86863 |
||